[Event "NOR-ch U16"]
[Site "Stavanger"]
[Date "2017.07.01"]
[Round "8"]
[White "Linjord, David Jess"]
[Black "Tjora, Tord"]
[Result "0-1"]
[WhiteElo "1670"]
[BlackElo "1786"]
[PlyCount "48"]
[EventDate "2017.07.01"]
[EventType "swiss"]
[EventRounds "9"]
[EventCountry "NOR"]
[SourceTitle "EXT 2018"]
[Source "ChessBase"]
[SourceDate "2017.10.13"]
[SourceVersion "1"]
[SourceVersionDate "2017.10.13"]
[SourceQuality "1"]

1. c4 b6 2. Nc3 Bb7 3. Nf3 e6 4. d4 Bb4 5. g3 f5 6. Bg2 Nf6 7. 0-0 0-0 8. Bd2 d6 9. a3 Bxc3 10. Bxc3 Ne4 11. Rc1 Nd7 12. Nd2 Nxc3 13. Rxc3 Bxg2 14. Kxg2 Qg5 15. Nf3 Qh5 16. Qd2 f4 17. e3 Nf6 18. Rcc1 fxg3 19. hxg3 Ne4 20. Qd1 Rf6 21. Nd2 Qg6 22. Qc2 Rxf2+ 23. Rxf2 Qxg3+ 24. Kf1 Qxf2# 0-1

[Event "Ostersund Hurtigfeiden op"]
[Site "Ostersund"]
[Date "2016.09.11"]
[Round "3"]
[White "Lillelokken, Kjell Arne"]
[Black "Tjora, Tord"]
[Result "0-1"]
[WhiteElo "2123"]
[BlackElo "1429"]
[PlyCount "108"]
[EventDate "2016.09.11"]
[EventType "swiss"]
[EventRounds "7"]
[EventCountry "SWE"]
[SourceTitle "CBM 174 Extra"]
[Source "ChessBase"]
[SourceDate "2016.10.10"]
[SourceVersion "1"]
[SourceVersionDate "2016.10.10"]
[SourceQuality "1"]

1. f4 e6 2. Nf3 d5 3. g3 c5 4. Bg2 Nc6 5. 0-0 Bd6 6. d3 Nf6 7. Nc3 d4 8. Ne4 Nxe4 9. dxe4 0-0 10. e5 Be7 11. e4 Bd7 12. Bd2 Qb6 13. b3 Rac8 14. Kh1 Rfd8 15. h4 g6 16. h5 Kg7 17. g4 Rg8 18. a3 Qd8 19. Qe2 gxh5 20. g5 h6 21. Bh3 hxg5 22. fxg5 Kf8 23. Rg1 Qc7 24. Qh2 Ke8 25. Raf1 Kd8 26. Qf4 Be8 27. g6 Rxg6 28. Rxg6 fxg6 29. Bxe6 Bd7 30. Bf7 Be8 31. Bxe8 Kxe8 32. Ng5 Nxe5 33. Nf7 Nxf7 34. Qxf7+ Kd7 35. Qxg6 Qe5 36. Rf7 Rf8 37. Bf4 Qe6 38. Qxe6+ Kxe6 39. Rxf8 Bxf8 40. a4 Bd6 41. Bd2 Ke5 42. Kg2 Kxe4 43. Kh3 Be7 44. Kg3 a6 45. a5 Kd5 46. Kf4 Kc6 47. Ke5 Kb5 48. Ke6 Bd8 49. c4+ dxc3 50. Bxc3 Bxa5 51. Be5 Bd2 52. Kd5 Kb4 53. Bd6 Be3 54. Ke4 Bd4 0-1

[Event "Ostersund Hurtigfeiden op"]
[Site "Ostersund"]
[Date "2016.09.11"]
[Round "1"]
[White "Tjora, Tord"]
[Black "Larsson, Per Olov"]
[Result "1-0"]
[WhiteElo "1429"]
[BlackElo "1960"]
[PlyCount "49"]
[EventDate "2016.09.11"]
[EventType "swiss"]
[EventRounds "7"]
[EventCountry "SWE"]
[SourceTitle "CBM 174 Extra"]
[Source "ChessBase"]
[SourceDate "2016.10.10"]
[SourceVersion "1"]
[SourceVersionDate "2016.10.10"]
[SourceQuality "1"]

1. e4 c5 2. Nf3 d6 3. d4 cxd4 4. c3 dxc3 5. Nxc3 Nc6 6. Bc4 a6 7. 0-0 e6 8. Qe2 Qc7 9. Rd1 Be7 10. Bf4 Ne5 11. Bxe5 dxe5 12. Rac1 Bd7 13. Nb5 Qb6 14. Nc3 Qa5 15. b4 Qxb4 16. Nxe5 Nf6 17. Nxf7 Kxf7 18. e5 Bc8 19. exf6 Bxf6 20. Ne4 Be7 21. Qh5+ g6 22. Qe5 Rd8 23. Rxd8 Bxd8 24. Nd6+ Kg8 25. Nxc8 1-0